| 000 | 00487 a2200169 4500 | ||
|---|---|---|---|
| 003 | OSt | ||
| 005 | 20231220112621.0 | ||
| 008 | 231220b |||||||| |||| 00| 0 eng d | ||
| 020 | _a9789350723319 | ||
| 040 | _coclc | ||
| 082 |
_a891.433 _bKAL/M |
||
| 100 |
_aKaliya, Mamtha _910181 |
||
| 245 |
_aPAANCH BEHATREEN KAHANIYAN / _cMamtha Kaliya |
||
| 260 |
_aNew Delhi: _bVani Prakashan, _c2015. |
||
| 300 | _a66p | ||
| 942 |
_2ddc _cBK _h891.433 _iKAL/M _k891.433 _mKAL/M |
||
| 999 |
_c43501 _d43501 |
||